| 000 | 01566nam a22003977a 4500 | ||
|---|---|---|---|
| 999 |
_c661 _d661 |
||
| 003 | AR-CdUCM | ||
| 008 | 190225b ||||| |||| 00| 0 spa d | ||
| 020 | _a9685800499 | ||
| 040 |
_aMUNICIPALIDAD PROVINCIAL DEL CUSCO _cBIBLIOTECA MUNICIPAL DEL CUSCO |
||
| 082 |
_a378.4 / _bS56 |
||
| 100 |
_aSimpson Grinberg, Maximo _92558 |
||
| 245 |
_aComunicación alternativa y cambio social : _bAmerica Latina / |
||
| 260 |
_aMéxico : _bUniversidad Nacional Autónoma de México, _c1981. |
||
| 300 |
_a328 páginas ; _c20.5 cm. |
||
| 500 | _aDonación familia Nieto | ||
| 505 | _aContenido: Sobre la contrainformación y los así llamados medios alternativos -- La comunicación transnacional y la rspuesta alternativa -- México: comunicación rural. Acercamiento a un modelo alternativo -- Perú: la alternativa dentro de la alternativa -- La prensa alternativa en Chile: El testimonio de sus protagonistas ... | ||
| 650 |
_aCultura popular _92559 |
||
| 650 |
_aComunicación social _92560 |
||
| 650 |
_aMedios _92561 |
||
| 700 |
_aAguire, J.M. _92562 |
||
| 700 |
_aCassigoli, A. _92563 |
||
| 700 |
_aPortales, D. _92564 |
||
| 700 |
_aReyes Matta, F. _92565 |
||
| 700 |
_aBorrás, L. _92566 |
||
| 700 |
_aCapriles, O. _92567 |
||
| 700 |
_aEsteva, G. _92568 |
||
| 700 |
_aGargurevich, J. _92569 |
||
| 700 |
_aKaplún, M. _92570 |
||
| 700 |
_aBarbero, J.M. _92571 |
||
| 700 |
_aPrieto Castillo, D. _92572 |
||
| 700 |
_aRichards, J. A. _92573 |
||
| 700 |
_aSelser, G. _92574 |
||
| 700 |
_aZapata, M. _92575 |
||
| 942 |
_2ddc _cLIBROS |
||
| 945 |
_aafb _d2019-02-25 |
||